000 01935namaa22004091i 4500
003 EG-GICUC
005 20260604123117.0
008 260601m201u9999ua a|||jr|||| 000 0 ara d
017 _a2013 / 3722 (v.3)
_a2016 / 27264 (v.4)
_a2022 / 26672 (v.5)
_a2010 / 3017 (v.6)
_bدار الكتب والوثائق القومية (مصر)
020 _a9789777187435 (v.3)
020 _a9789779209296 (v.4)
020 _a9789779223797 (v.5)
020 _a9789774798523 (v.6)
040 _aEG-GiCUC
_bara
_cEG-GiCUC
_dEG-GiCUC
_erda
043 _af-ua---
_aa-is---
082 0 4 _221
_a956.04
_bM462
092 0 4 _221
_a956.04
_bM462
099 _a956.04 M462
100 1 _eمؤلف.
245 _aموسوعة مصر والقضية الفلسطينية /
_cتحرير عادل حسن غنيم
250 _aالطبعة الاولى
264 _aالقاهرة (مصر) :
_bالمجلس الأعلى للثقافة،
_c201-
300 _aمجلدات 4 فى 8 :
_bإيضاحيات ؛
_c24 سم
336 _2rdacontent
_atext
337 _2rdamedia
_aUnmediated
338 _2rdacarrier
_avolume
500 _aالمكتبة تقتنى فقط المجلد الثالث والرابع والخامس والسادس
504 _aيشتمل على ارجاعات ببليوجرافية
505 _aالمجلد الثالث. العدوان الثلاثى -- المجلد الرابع.من العدوان الثلاثى إلى حرب 1967 -- المجلد الخامس. حرب 1967 --المجلد السادس. مقدمات حرب 1973
541 _aوزارة الثقافة ؛
_bالقاهرة ؛
_cإهداء ؛
_d2023.
650 1 7 _aالنزلع العربى الاسرائيلى
_2qrmak
650 1 7 _aالقضية الفلسطينية
_2qrmak
651 1 _2qrmak
_aمصر
_xالعلاقات الخارجية
_zفلسطين
700 1 _aغنيم، عادل حسين
_eمحرر.
905 _aHuda
942 _2ddc
_cBK
_e21
_n0
999 _c180330
_d180330